[Event "Heusenstamm Sparkassen op U14 6th"]
[Site "Heusenstamm"]
[Date "2019.11.24"]
[Round "5"]
[White "Yang, Sophie"]
[Black "Angrick, Carl Friedrich"]
[Result "0-1"]
[WhiteElo "849"]
[BlackElo "1146"]
[PlyCount "60"]
[EventDate "2019.11.21"]
[EventType "swiss"]
[EventRounds "7"]
[EventCountry "GER"]
[SourceTitle "CBM 194 Extra"]
[Source "ChessBase"]
[SourceDate "2020.03.31"]
[SourceVersion "1"]
[SourceVersionDate "2020.03.31"]
[SourceQuality "1"]

1. e4 e5 2. f4 f6 3. Nf3 Nc6 4. Be2 Bc5 5. Nc3 Nge7 6. d3 d6 7. Nd5 Be6 8. Nc3 f5 9. Bd2 fxe4 10. dxe4 0-0 11. fxe5 dxe5 12. Bg5 Qxd1+ 13. Rxd1 Ng6 14. Kd2 Nf4 15. Bxf4 Rxf4 16. g3 Rff8 17. Kc1 Be3+ 18. Kb1 Bh3 19. Bc4+ Kh8 20. Bf1 Bg4 21. Bg2 Bxf3 22. Bxf3 Rxf3 23. Rd3 Raf8 24. Rdd1 Bd4 25. Nd5 Bb6 26. a3 h6 27. Nc3 Ne7 28. Rd7 Nc6 29. Nd5 Rc8 30. Nxb6 axb6 0-1